Spotrebná daň z alkoholických nápojov vo vybraných štátoch EÚ diplomová práca

Gespeichert in:
Bibliographische Detailangaben
1. Verfasser: Raková, Ivana
Körperschaft: Národohospodárska fakulta EU. Katedra financií
Weitere Verfasser: Válek, Juraj, 1981-
Format: Buch
Sprache:Slowakisch
Veröffentlicht: Bratislava 2023
Tags: Tag hinzufügen
Keine Tags, Fügen Sie das erste Tag hinzu!

MARC

LEADER 00000nbm a2200000 4500
001 0292964
005 20231128090130.3
041 0 |a slo 
044 |a SK 
245 1 0 |a Spotrebná daň z alkoholických nápojov vo vybraných štátoch EÚ  |b diplomová práca  |c Ivana Raková ; školiteľ: Juraj Válek 
264 1 |a Bratislava  |c 2023 
300 |a 85 s. 
100 1 |a Raková, Ivana 
700 1 |a Válek, Juraj, 1981- 
710 2 |a Národohospodárska fakulta EU. Katedra financií